<?xml version="1.0" encoding="UTF-8"?>
<record
    xmlns:xsi="http://www.w3.org/2001/XMLSchema-instance"
    xsi:schemaLocation="http://www.loc.gov/MARC21/slim http://www.loc.gov/standards/marcxml/schema/MARC21slim.xsd"
    xmlns="http://www.loc.gov/MARC21/slim">

  <leader>013800000a22002290004500</leader>
  <datafield tag="020" ind1=" " ind2=" ">
    <subfield code="a">0-904422-51-8 : Donaci&#xF3;n</subfield>
  </datafield>
  <datafield tag="041" ind1="0" ind2=" ">
    <subfield code="a">Spa.</subfield>
  </datafield>
  <datafield tag="082" ind1="0" ind2="4">
    <subfield code="a">G 268.85 M1724r</subfield>
  </datafield>
  <datafield tag="100" ind1="1" ind2=" ">
    <subfield code="a">MacPherson, John</subfield>
  </datafield>
  <datafield tag="245" ind1="1" ind2="0">
    <subfield code="a">En las ra&#xED;ces de una naci&#xF3;n : la historia del Colegio San Andr&#xE9;s, un colegio cristiano en Lima, Per&#xFA;. / John McPherson ; traducido por Tulio Carrasco del Solar , Juan Mendoza N&#xFA;&#xF1;ez y Edward K. Perales G.</subfield>
  </datafield>
  <datafield tag="260" ind1=" " ind2=" ">
    <subfield code="a">Lima : Colegio San Andr&#xE9;s</subfield>
  </datafield>
  <datafield tag="300" ind1=" " ind2=" ">
    <subfield code="a">258 p.</subfield>
  </datafield>
  <datafield tag="500" ind1=" " ind2=" ">
    <subfield code="a">T&#xED;tulo original: At the Roots of a Nation. The Story of San Andr&#xE9;s School in Lima, Per&#xFA;.</subfield>
  </datafield>
  <datafield tag="501" ind1=" " ind2=" ">
    <subfield code="a">Encuadernado en r&#xFA;stico con pasta flexible.</subfield>
  </datafield>
  <datafield tag="505" ind1="0" ind2="0">
    <subfield code="a">Escuela y naci&#xF3;n: ra&#xED;ces entrelazadas -- Preparando el suelo -- Escogiendo la tierra -- Plantando la semilla -- Asegurando el crecimiento -- La necesidad de apoyo -- Produciendo fruto -- Resistiendo la tormenta -- Afirm&#xE1;ndose -- &#xBF;Religioso o B&#xED;blico? -- &#xBF;La educaci&#xF3;n se enfrenta a la evangelizaci&#xF3;n? -- &#xBF;S&#xF3;lo unos pocos privilegiados? -- Hacia el centenario -- Cronolog&#xED;a -- Misioneros a tiempo completo.</subfield>
  </datafield>
  <datafield tag="650" ind1="1" ind2="4">
    <subfield code="a">ALFABETIZACION (EDUCACION) \ INSTITUCIONES SOCIALES - Colegio \ EDUCACION - ENSE&#xD1;ANZA - LIMA - HISTORIA \ EDUCACION CRISTIANA</subfield>
  </datafield>
  <controlfield tag="001">17165</controlfield>
  <datafield tag="942" ind1=" " ind2=" ">
    <subfield code="c">BK</subfield>
  </datafield>
  <datafield tag="952" ind1=" " ind2=" ">
    <subfield code="0">0</subfield>
    <subfield code="1">0</subfield>
    <subfield code="4">0</subfield>
    <subfield code="7">0</subfield>
    <subfield code="8">GEN</subfield>
    <subfield code="a">FUSBC</subfield>
    <subfield code="b">FUSBC</subfield>
    <subfield code="d">2010-09-22</subfield>
    <subfield code="l">0</subfield>
    <subfield code="o">G 268.85 M1724r </subfield>
    <subfield code="p">24880</subfield>
    <subfield code="r">2019-12-12 00:00:00</subfield>
    <subfield code="t">1</subfield>
    <subfield code="w">2016-01-26</subfield>
    <subfield code="y">BK</subfield>
    <subfield code="B">0</subfield>
    <subfield code="C">3</subfield>
  </datafield>
  <datafield tag="999" ind1=" " ind2=" ">
    <subfield code="c">43831</subfield>
    <subfield code="d">43831</subfield>
  </datafield>
  <datafield tag="336" ind1=" " ind2=" ">
    <subfield code="a">texto</subfield>
    <subfield code="b">txt</subfield>
    <subfield code="2">rdacontent</subfield>
  </datafield>
  <datafield tag="337" ind1=" " ind2=" ">
    <subfield code="2">rdamedia</subfield>
    <subfield code="a">sin mediaci&#xF3;n</subfield>
    <subfield code="b">n</subfield>
  </datafield>
  <datafield tag="338" ind1=" " ind2=" ">
    <subfield code="2">rdacarrier</subfield>
    <subfield code="a">volumen</subfield>
    <subfield code="b">nc</subfield>
  </datafield>
</record>
